Contemporary clinical psychology / (Record no. 16880)

MARC details
000 -LEADER
fixed length control field 00986cam a22002894a 4500
001 - CONTROL NUMBER
control field 16139565
005 - DATE AND TIME OF LATEST TRANSACTION
control field 20141030111118.0
008 - FIXED-LENGTH DATA ELEMENTS--GENERAL INFORMATION
fixed length control field 100312t2011 xxuakpo bd 001 0 eng d
020 ## - INTERNATIONAL STANDARD BOOK NUMBER
International Standard Book Number 0470587393 (cloth : alk. paper)
020 ## - INTERNATIONAL STANDARD BOOK NUMBER
International Standard Book Number 9780470587393 (cloth : alk. paper)
040 ## - CATALOGING SOURCE
Original cataloging agency DNLM/DLC
Transcribing agency DLC
Modifying agency YDX
-- NLM
-- YDXCP
-- BWX
-- CDX
-- STF
-- DLC
-- EG-ScBUE
082 00 - DEWEY DECIMAL CLASSIFICATION NUMBER
Classification number 616.89
Edition number 22
Item number PLA
100 1# - MAIN ENTRY--PERSONAL NAME
Personal name Plante, Thomas G.
9 (RLIN) 30632
245 10 - TITLE STATEMENT
Title Contemporary clinical psychology /
Statement of responsibility, etc Thomas G. Plante.
250 ## - EDITION STATEMENT
Edition statement 3rd ed.
260 ## - PUBLICATION, DISTRIBUTION, ETC. (IMPRINT)
Place of publication, distribution, etc Hoboken, United States :
Name of publisher, distributor, etc John Wiley & Sons,
Date of publication, distribution, etc c.2011.
300 ## - PHYSICAL DESCRIPTION
Extent xxv, 598 p. :
Other physical details forms, photographs, tables ;
Dimensions 26 cm.
500 ## - GENERAL NOTE
General note Glossary : p. 477-485.
500 ## - GENERAL NOTE
General note Includes appendixes.
500 ## - GENERAL NOTE
General note Includes indexes.
504 ## - BIBLIOGRAPHY, ETC. NOTE
Bibliography, etc Bibliography : p. 507-567.
650 #0 - SUBJECT ADDED ENTRY--TOPICAL TERM
Topical term or geographic name as entry element Clinical psychology
9 (RLIN) 30633
650 #0 - SUBJECT ADDED ENTRY--TOPICAL TERM
Topical term or geographic name as entry element Psychotherapy
9 (RLIN) 30634
653 ## - INDEX TERM--UNCONTROLLED
Arrived date list July2012
-- October2014
Resource For college Pharmacy
655 ## - INDEX TERM--GENRE/FORM
Form subdivision
-- 33728
942 ## - ADDED ENTRY ELEMENTS (KOHA)
Source of classification or shelving scheme Dewey Decimal Classification
Item type Book - Borrowing
Call number prefix 616.89 PLA
Holdings
Withdrawn status Item status Source of classification or shelving scheme Damaged status Not for loan Vendor Home library Current library Shelving location Date acquired Source of acquisition Cost, normal purchase price Serial Enumeration / chronology Total Checkouts Full call number Barcode Date last seen Koha item type Cost, replacement price Date last borrowed
    Dewey Decimal Classification     Baccah Central Library Central Library First floor 12/07/2012   470.00 15466   616.89 PLA 000026978 15/07/2025 Book - Borrowing    
    Dewey Decimal Classification     Baccah Central Library Central Library First floor 12/07/2012   470.00 15466   616.89 PLA 000026979 15/07/2025 Book - Borrowing    
    Dewey Decimal Classification     Baccah Central Library Central Library First floor 13/10/2014   550.00     616.89 PLA 000036612 15/07/2025 NB - Book (Non borrowing) 687.50  
    Dewey Decimal Classification     Baccah Central Library Central Library First floor 13/10/2014   550.00   1 616.89 PLA 000036613 15/07/2025 Book - Borrowing 687.50 17/10/2017
    Dewey Decimal Classification     Baccah Central Library Central Library First floor 13/10/2014   550.00     616.89 PLA 000036614 15/07/2025 Book - Borrowing 687.50  
    Dewey Decimal Classification     Baccah Central Library Central Library First floor 30/10/2014   550.00     616.89 PLA 000036882 15/07/2025 Book - Borrowing 687.50